All EU FNCS WINNERS - Statistics

General Stats
  • This quiz has been taken 114 times
    99 since last reset
  • The average score is 38 of 54
Answer Stats
Hint Answer % Correct
Ch 2 Season 6 Queasy
92%
Ch 3 Season 1 Queasy
92%
Ch 4 Season 2 Queasy
92%
Ch 2 Season 8 Kami
89%
Ch 3 Season 4 (FNCS Invitational) Kami
89%
Ch 2 Season 8 Setty
89%
Ch 3 Season 4 (FNCS Invitational) Setty
89%
Ch 3 Season 2 Veno
89%
Ch 4 Season 2 Veno
89%
Ch 6 Season 1 Veno
89%
Ch 5 Season 1 Malibuca
88%
Ch 4 Season 1 Merstach
88%
Ch 5 Season 1 Merstach
88%
Ch 2 Season 4 Mongraal
88%
Ch 2 Season 3 Tayson
88%
Ch 2 Season 4 Tayson
88%
Ch 4 Season 1 Tayson
88%
Ch 5 Season 3 Vico
86%
Ch 6 Season 1 Vico
86%
Ch 5 Season 3 Flickzy
82%
Ch 6 Season 1 Flickzy
82%
Ch 4 Season 3 Swizzy
82%
Ch 5 Season 2 Swizzy
82%
Ch 1 Season 10 Aqua
76%
Ch 3 Season 2 Aqua
76%
Ch6 Season 3 Fredoxie
74%
Ch 2 Season 4 Mitro
74%
Ch 6 Season 2 Pixie
74%
Ch 2 Season 5 Hen
70%
Ch 3 Season 1 Hen
70%
Ch 6 Season 2 MariusCOW
70%
Ch6 Season 3 PabloWingu
68%
Ch6 Season 3 Tjino
68%
Ch 2 Season 5 Jannis
66%
Ch 3 Season 3 Jannis
66%
Ch 3 Season 3 Vadeal
65%
Ch 2 Season 8 Teeq
62%
Ch 1 Season 10 Stompy
58%
Ch 2 Season 6 TruleX
58%
Ch 2 Season 2 Andilex
57%
Ch 2 Season 2 Nayte
55%
Ch 4 Season 3 Putrick
55%
Ch 5 Season 2 Vanyak3k
54%
Ch 6 Season 2 Vanyak3k
54%
Ch 2 Season 7 StormyRite
50%
Ch 2 Season 6 Jur3ky
47%
Ch 1 Season 10 Tschiinken
47%
Ch 2 Season 7 Toose
45%
Ch 2 Season 1 Wakie
45%
Ch 2 Season 7 Kiryache
42%
Ch 2 Season 1 Znappy
42%
Ch 2 Season 1 RedRush
41%
Ch 2 Season 1 Drobban
39%
Ch 2 Season 5 Oogway
36%
No matching quizzes found
Score Distribution
Percent of People with Each Score
Percentile by Number Answered
Your Score History
You have not taken this quiz since the last reset